000 00568nam a2200217 i 4500
001 bg
100 1 _aJACKSON, Peter
245 1 0 _aIntroduction to expert systems /
_cPeter Jackson.
250 _a3rd ed.
260 _aHarlow [etc.] :
_bAddison-Wesley,
_c1999.
300 _aXVII, 542 s. :
_brys. ;
_c24 cm.
504 _aBibliogr. przy rozdz. - Indeks.
650 9 _aSystemy ekspertowe
020 _a0201876868
040 _cBPK
041 0 _aen
080 _a004.891
920 _a0-201-87686-8
942 _cKS
008 s pl f |000 0 pol
999 _c36582
_d36582
856 _uhttp://koha.tu.koszalin.pl/cgi-bin/koha/opac-detail.pl?biblionumber=36582
_yKatalog online BPK